00765nam a2200205 a 450000100100000000500170001000800410002702000150006804000250008308200130010810000320012124501290015326000670028230000290034950000320037850000330041050400420044365100460048570000280053100001544020200929164037.0960709s1992 es a b f000 0 spa d a8477901376 aDO-SdBNPcspadBNPHU axxxbxxx1 aHomar, Juan de,d1732-1808.13aEl Canal de Castilla :bcartografía de un proyecto ilustrado /cJuan de Homar ; estudio preliminar, Juan Helguera Quijada. aMadrid :bMinisterio de Obras Públicas y Transportes,c1992. a140 p. :bil., ;c33 cm. aIncluye planos desplegables aTextos a dos y tres columnas aIncluye referencias bibliográficas. 0aCastile, Canal Of (Spain{Rpara}xHistory.12aHelguera Quijada, Juan.